[Event "Kolkata DBCA op 5th"]
[Site "Kolkata"]
[Date "2024.04.14"]
[Round "6"]
[White "Santu, Mondal"]
[Black "Sagnik, Dutta1"]
[Result "1-0"]
[WhiteElo "1983"]
[BlackElo "1714"]
[PlyCount "153"]
[EventDate "2024.04.11"]
[EventType "swiss"]
[EventRounds "9"]
[EventCountry "IND"]
[SourceTitle "CB17_2024"]
[SourceDate "2024.04.24"]
[SourceVersion "1"]
[SourceVersionDate "2024.04.24"]
[SourceQuality "1"]

1. d4 Nf6 2. Nf3 d5 3. g3 e6 4. Bg2 c6 5. 0-0 Bd6 6. c4 0-0 7. Nc3 Nbd7 8. Nd2 Re8 9. e4 dxe4 10. Ndxe4 Nxe4 11. Nxe4 Be7 12. Bf4 Nf6 13. Nc3 Bd6 14. Be5 Qc7 15. Re1 Nd7 16. Bxd6 Qxd6 17. c5 Qf8 18. Ne4 e5 19. Nd6 Rd8 20. dxe5 Nxc5 21. f4 Ne6 22. f5 Nc7 23. Qh5 Ne8 24. Ne4 g6 25. fxg6 hxg6 26. Qh4 Be6 27. Rad1 Rxd1 28. Rxd1 Bd5 29. Ng5 Qc5+ 30. Qd4 Qxd4+ 31. Rxd4 Nc7 32. Bxd5 Nxd5 33. Kf2 Kf8 34. Rh4 Kg8 35. a3 a5 36. Re4 Ra6 37. e6 fxe6 38. Rxe6 Kg7 39. Re2 Rb6 40. h4 Rb5 41. Kg2 Rb6 42. Ne6+ Kg8 43. Kh3 Rb3 44. Rf2 Re3 45. Rf8+ Kh7 46. Ng5+ Kg7 47. Rf7+ Kg8 48. Rxb7 Nf4+ 49. Kh2 Re2+ 50. Kg1 Rg2+ 51. Kf1 Rxg3 52. Rb6 Nd5 53. Rxc6 Rb3 54. Rxg6+ Kf8 55. h5 Rb6 56. Rxb6 Nxb6 57. h6 Nc4 58. b4 Ne3+ 59. Kg1 axb4 60. axb4 Nd5 61. b5 Kg8 62. Kg2 Kh8 63. Kg3 Kg8 64. Kg4 Kh8 65. Kf5 Kg8 66. Ke5 Nb6 67. Kd6 Na4 68. Kc6 Kf8 69. b6 Nxb6 70. Kxb6 Kg8 71. Kc6 Kh8 72. Kd6 Kg8 73. Ke6 Kf8 74. Kf6 Kg8 75. Kg6 Kh8 76. Nf7+ Kg8 77. h7+ 1-0

[Event "Meghalaya op 1st"]
[Site "Shillong"]
[Date "2023.12.18"]
[Round "8"]
[White "Tanmay, Rajbongshi"]
[Black "Santu, Mondal"]
[Result "1/2-1/2"]
[WhiteElo "1819"]
[BlackElo "2013"]
[PlyCount "56"]
[EventDate "2023.12.13"]
[EventType "swiss"]
[EventRounds "10"]
[EventCountry "IND"]
[SourceTitle "CB52_2023"]
[SourceDate "2023.12.27"]
[SourceVersion "1"]
[SourceVersionDate "2023.12.27"]
[SourceQuality "1"]

1. e4 e6 2. d4 d5 3. Nd2 Nf6 4. e5 Nfd7 5. Bd3 c5 6. c3 Nc6 7. Ne2 cxd4 8. cxd4 f6 9. exf6 Nxf6 10. 0-0 Bd6 11. Nf3 Qc7 12. Nc3 a6 13. Bg5 0-0 14. Bh4 Nh5 15. Re1 g6 16. a3 Qg7 17. Ne2 Bd7 18. Bg5 h6 19. Be3 Rf6 20. Ng3 Nxg3 21. hxg3 g5 22. Nh2 Rff8 23. Rc1 Bb8 24. Qh5 Be8 25. Qg4 Bd7 26. Qh5 Be8 27. Qg4 Bd7 28. Qh5 Be8 1/2-1/2

[Event "Gujarat op 3rd"]
[Site "Ahmedabad"]
[Date "2022.04.06"]
[Round "9"]
[White "Santu, Mondal"]
[Black "Raahul, VS."]
[Result "0-1"]
[WhiteElo "2063"]
[BlackElo "2478"]
[PlyCount "108"]
[EventDate "2022.03.31"]
[EventType "swiss"]
[EventRounds "10"]
[EventCountry "IND"]
[SourceTitle "CBM 207 Extra"]
[Source "ChessBase"]
[SourceDate "2022.05.31"]
[SourceVersion "1"]
[SourceVersionDate "2022.05.31"]
[SourceQuality "1"]

1. d4 d5 2. Nf3 Nf6 3. c4 c6 4. g3 dxc4 5. Bg2 Nbd7 6. a4 a5 7. 0-0 Nb6 8. Qc2 Nfd5 9. e4 Nb4 10. Qe2 e5 11. Be3 exd4 12. Nxd4 Bc5 13. Rd1 Qe7 14. Nd2 Nd3 15. b3 Ne5 16. Nxc4 Nbxc4 17. bxc4 0-0 18. Rab1 Ng4 19. Nf5 Bxf5 20. Bxc5 Qxc5 21. exf5 Ne5 22. f6 gxf6 23. Qh5 Qxc4 24. Qh6 Ng4 25. Qh4 Kg7 26. Rd6 Rad8 27. Rxf6 Ne5 28. Qh6+ Kg8 29. Rf4 Rd4 30. Qf6 Rxf4 31. gxf4 Qc2 32. Re1 Qxf2+ 33. Kxf2 Ng4+ 34. Kg3 Nxf6 35. Rb1 Rd8 36. Rxb7 Rd3+ 37. Kh4 Nd5 38. Kg5 Kg7 39. Bxd5 Rxd5+ 40. Kg4 h5+ 41. Kg3 Rd4 42. Rb6 Rc4 43. Ra6 Rc5 44. Ra7 Kg6 45. Rc7 f6 46. Ra7 Kf5 47. Kf3 h4 48. Ke3 Kg4 49. Rh7 Rc3+ 50. Kd4 Rf3 51. Rg7+ Kf5 52. Kc5 Rxf4 53. Kxc6 Rxa4 54. Kb5 Ra2 0-1

[Event "Gujarat op 3rd"]
[Site "Ahmedabad"]
[Date "2022.04.03"]
[Round "6"]
[White "Vignesh, NR."]
[Black "Santu, Mondal"]
[Result "1-0"]
[WhiteElo "2444"]
[BlackElo "2063"]
[PlyCount "55"]
[EventDate "2022.03.31"]
[EventType "swiss"]
[EventRounds "10"]
[EventCountry "IND"]
[SourceTitle "CBM 207 Extra"]
[Source "ChessBase"]
[SourceDate "2022.05.31"]
[SourceVersion "1"]
[SourceVersionDate "2022.05.31"]
[SourceQuality "1"]

1. e4 e6 2. d4 d5 3. Nd2 Nf6 4. e5 Nfd7 5. Bd3 c5 6. c3 Nc6 7. Ngf3 f5 8. exf6 Nxf6 9. 0-0 cxd4 10. cxd4 Bd6 11. Re1 0-0 12. a3 Qb6 13. Nb3 a5 14. Be3 a4 15. Nc5 Nxd4 16. Nxa4 Nxf3+ 17. Qxf3 Qd8 18. Nb6 Rb8 19. Qh3 e5 20. Nxc8 Rxc8 21. Bf5 Rc4 22. Rad1 Qe7 23. Rxd5 Re8 24. Bg5 h6 25. Bxf6 Qxf6 26. Qb3 b5 27. Rxb5 Qf7 28. Bg6 1-0

[Event "Gujarat op 3rd"]
[Site "Ahmedabad"]
[Date "2022.04.01"]
[Round "3"]
[White "Santu, Mondal"]
[Black "Nigmatov, Ortik"]
[Result "0-1"]
[WhiteElo "2063"]
[BlackElo "2445"]
[PlyCount "72"]
[EventDate "2022.03.31"]
[EventType "swiss"]
[EventRounds "10"]
[EventCountry "IND"]
[SourceTitle "CBM 207 Extra"]
[Source "ChessBase"]
[SourceDate "2022.05.31"]
[SourceVersion "1"]
[SourceVersionDate "2022.05.31"]
[SourceQuality "1"]

1. d4 Nf6 2. Nf3 g6 3. c4 Bg7 4. g3 0-0 5. Bg2 d6 6. Nc3 c6 7. e4 Bg4 8. 0-0 Qb6 9. Rb1 Nfd7 10. Be3 c5 11. Nd5 Qd8 12. h3 Bxf3 13. Bxf3 Nc6 14. dxc5 dxc5 15. Be2 e6 16. Nc3 Qe7 17. f4 Bd4 18. Qd2 Rad8 19. Rbd1 a6 20. Bd3 f5 21. Qf2 Qg7 22. e5 Ndb8 23. Na4 Qe7 24. Be2 Bxe3 25. Qxe3 Nd4 26. Bf3 b5 27. Nc3 bxc4 28. Na4 Qc7 29. Qc3 Nxf3+ 30. Qxf3 Rd4 31. Rc1 Rfd8 32. Qa3 Qc6 33. Nxc5 Rd2 34. Rf2 Rxf2 35. Kxf2 Rd2+ 36. Ke1 Rh2 0-1

[Event "IND-chT 40th"]
[Site "Ahmedabad"]
[Date "2020.02.10"]
[Round "6.4"]
[White "Santu, Mondal"]
[Black "Sibi Visal, R."]
[Result "0-1"]
[WhiteElo "2093"]
[BlackElo "2074"]
[PlyCount "140"]
[EventDate "2020.02.07"]
[EventType "team-swiss"]
[EventRounds "9"]
[EventCountry "IND"]
[SourceTitle "CBM 194 Extra"]
[Source "ChessBase"]
[SourceDate "2020.03.31"]
[SourceVersion "1"]
[SourceVersionDate "2020.03.31"]
[SourceQuality "1"]
[WhiteTeam "Delhi II"]
[BlackTeam "Tamil Nadu"]
[WhiteTeamCountry "IND"]
[BlackTeamCountry "IND"]

1. d4 Nf6 2. g3 d5 3. c4 e6 4. Nf3 dxc4 5. Bg2 Bb4+ 6. Bd2 a5 7. 0-0 0-0 8. Qc2 Bxd2 9. Nbxd2 b5 10. a4 c6 11. e4 Na6 12. e5 Nd5 13. Ne4 Nab4 14. Qe2 Nd3 15. Ne1 Ba6 16. Nxd3 cxd3 17. Qd2 Nb4 18. Nd6 Qb6 19. Rac1 Qxd4 20. axb5 Qxe5 21. Nc4 Qxb5 22. Rfe1 Nc2 23. Re4 Qb4 24. Qxd3 f5 25. Rh4 Ne1 26. Qe2 Nxg2 27. Qxe6+ Kh8 28. Kxg2 Rf6 29. Qd7 f4 30. Rg4 Rg8 31. Qd4 c5 32. Qc3 Qb7+ 33. Kg1 fxg3 34. hxg3 Rh6 35. f3 Bxc4 36. Rxc4 Rb6 37. Rh4 Rb3 38. Qc2 h6 39. Qe4 Qxe4 40. fxe4 Rxb2 41. e5 Ra8 42. Re4 a4 43. e6 a3 44. e7 Rbb8 45. Ra1 Re8 46. Re5 Ra7 47. Rxc5 Rexe7 48. Rc3 a2 49. Rc2 Re3 50. Rcxa2 Rxa2 51. Rxa2 Rxg3+ 52. Kh2 Rb3 53. Kg2 Kh7 54. Rc2 h5 55. Ra2 Kh6 56. Ra6+ g6 57. Ra5 h4 58. Kh2 g5 59. Kg2 Kh5 60. Ra4 Rb2+ 61. Kg1 h3 62. Ra1 g4 63. Rc1 Rd2 64. Ra1 g3 65. Ra5+ Kg4 66. Ra4+ Kf5 67. Ra5+ Kf4 68. Ra1 Ke3 69. Re1+ Kd3 70. Ra1 Ke2 0-1

[Event "IND-chT 40th"]
[Site "Ahmedabad"]
[Date "2020.02.10"]
[Round "5.2"]
[White "Shyam, Nikil P"]
[Black "Santu, Mondal"]
[Result "1/2-1/2"]
[WhiteElo "2460"]
[BlackElo "2093"]
[PlyCount "54"]
[EventDate "2020.02.07"]
[EventType "team-swiss"]
[EventRounds "9"]
[EventCountry "IND"]
[SourceTitle "CBM 194 Extra"]
[Source "ChessBase"]
[SourceDate "2020.03.31"]
[SourceVersion "1"]
[SourceVersionDate "2020.03.31"]
[SourceQuality "1"]
[WhiteTeam "Railways SPB"]
[BlackTeam "Delhi II"]
[WhiteTeamCountry "IND"]
[BlackTeamCountry "IND"]

1. Nf3 d5 2. g3 c6 3. Bg2 e6 4. 0-0 f5 5. b3 Nf6 6. d4 Bd6 7. Ba3 0-0 8. c4 b6 9. Qc1 Bb7 10. Nc3 Ne4 11. Na4 Qe7 12. Bxd6 Qxd6 13. Nb2 Nd7 14. Nd3 c5 15. Rd1 Rfd8 16. Qb2 dxc4 17. bxc4 cxd4 18. Nxd4 Qe7 19. Rac1 Qf6 20. e3 Ndc5 21. Nxc5 Nxc5 22. Bxb7 Nxb7 23. Qa3 Nc5 24. Nc6 Rdc8 25. Nd4 Rd8 26. Nc6 Rdc8 27. Nd4 Rd8 1/2-1/2

[Event "Hyderabad op 2nd"]
[Site "Hyderabad"]
[Date "2018.09.22"]
[Round "7"]
[White "Rathnakaran, Kantholi"]
[Black "Santu, Mondal"]
[Result "1-0"]
[WhiteElo "2381"]
[BlackElo "2140"]
[PlyCount "83"]
[EventDate "2018.09.19"]
[EventType "swiss"]
[EventRounds "9"]
[EventCountry "IND"]
[SourceTitle "CBM 186 Extra"]
[Source "ChessBase"]
[SourceDate "2018.08.24"]
[SourceVersion "1"]
[SourceVersionDate "2018.08.24"]
[SourceQuality "1"]

1. e4 e6 2. d4 d5 3. Nc3 Nf6 4. e5 Nfd7 5. Nce2 c5 6. c3 Nc6 7. f4 Qb6 8. Nf3 f6 9. a3 Be7 10. Ng3 cxd4 11. cxd4 0-0 12. Bd3 f5 13. Ne2 a5 14. Rg1 Qd8 15. g4 Nb6 16. Qc2 a4 17. Nc3 Bd7 18. Qg2 Rf7 19. Be3 Na5 20. Rd1 Rc8 21. gxf5 exf5 22. Ne2 Nbc4 23. Bc1 Be6 24. Ng5 Bxg5 25. fxg5 Rf8 26. Nf4 Qd7 27. Nh5 Nb3 28. Nf6+ gxf6 29. gxf6+ Kf7 30. Be2 Ke8 31. Bh6 Rh8 32. Qg7 Qxg7 33. Rxg7 Kd8 34. Rxb7 Rg8 35. f7 Bxf7 36. Rxf7 Nxb2 37. e6 Rc7 38. Rb1 Rg1+ 39. Kf2 Rxb1 40. Bg5+ Kc8 41. Rxc7+ Kxc7 42. e7 1-0

[Event "IND-ch Challengers 54th"]
[Site "Noida"]
[Date "2016.07.17"]
[Round "11"]
[White "Sharma, Dinesh Kumar"]
[Black "Santu, Mondal"]
[Result "0-1"]
[WhiteElo "2298"]
[BlackElo "2110"]
[PlyCount "74"]
[EventDate "2016.07.09"]
[EventType "swiss"]
[EventRounds "13"]
[EventCountry "IND"]
[SourceTitle "CBM 173 Extra"]
[Source "ChessBase"]
[SourceDate "2016.08.29"]
[SourceVersion "1"]
[SourceVersionDate "2016.08.29"]
[SourceQuality "1"]

1. e4 e6 2. d4 d5 3. Nc3 Nf6 4. e5 Nfd7 5. f4 c5 6. Nf3 Nc6 7. Be3 a6 8. Qd2 cxd4 9. Nxd4 Bc5 10. 0-0-0 0-0 11. Nb3 Bb4 12. Bd3 b5 13. Kb1 Bb7 14. h4 Rc8 15. Rh3 f5 16. exf6 Nxf6 17. Bc5 Bxc5 18. Nxc5 Qe7 19. Nb3 b4 20. Na4 Nd8 21. Re3 Nf7 22. Qe2 Ne4 23. Nb6 Rc7 24. Bxe4 dxe4 25. Nc4 Bd5 26. Nbd2 Nh6 27. Qf1 Nf5 28. Rh3 Qc5 29. b3 e3 30. Nf3 Bxc4 31. Qxc4 Qxc4 32. bxc4 Rxc4 33. g4 Ne7 34. Ng5 Rcxf4 35. Re1 Nd5 36. Reh1 R8f6 37. Kb2 h6 0-1

[Event "Keshabananda Das Memorial 4th"]
[Site "Bhubaneswar"]
[Date "2015.09.12"]
[Round "2"]
[White "Ravi, Teja Sanka"]
[Black "Santu, Mondal"]
[Result "1-0"]
[WhiteElo "2393"]
[BlackElo "2185"]
[PlyCount "63"]
[EventDate "2015.09.11"]
[EventType "swiss"]
[EventRounds "10"]
[EventCountry "IND"]
[SourceTitle "EXT 2016"]
[Source "ChessBase"]
[SourceDate "2015.10.08"]
[SourceVersion "1"]
[SourceVersionDate "2015.10.08"]
[SourceQuality "1"]

1. d4 d5 2. c4 e6 3. Nf3 c6 4. Qc2 Nf6 5. g3 Nbd7 6. Bg2 Be7 7. 0-0 0-0 8. b3 b6 9. Nc3 Bb7 10. Bb2 Rc8 11. Rfd1 Qc7 12. Rac1 Qb8 13. e4 Rfd8 14. e5 Ne8 15. cxd5 cxd5 16. Bf1 Nc7 17. Bd3 Nf8 18. Qe2 a5 19. h4 Qa8 20. Na4 Nd7 21. Ng5 g6 22. Qf3 Rf8 23. Qg4 h5 24. Qf4 Ba6 25. Bb1 Nb5 26. g4 hxg4 27. Qxg4 Rxc1 28. Bxc1 Qc8 29. Bxg6 fxg6 30. Qxe6+ Kh8 31. Qxe7 Nf6 32. Ne6 1-0

[Event "New Delhi Parsvnath op 13th"]
[Site "New Delhi"]
[Date "2015.01.14"]
[Round "8"]
[White "Madhurima, Shekhar"]
[Black "Santu, Mondal"]
[Result "1-0"]
[WhiteElo "2012"]
[BlackElo "2178"]
[PlyCount "73"]
[EventDate "2015.01.09"]
[EventType "tourn"]
[EventRounds "10"]
[EventCountry "IND"]
[SourceTitle "CBM 164 Extra"]
[Source "ChessBase"]
[SourceDate "2015.03.02"]
[SourceVersion "1"]
[SourceVersionDate "2015.03.02"]
[SourceQuality "1"]

1. e4 e6 2. d4 d5 3. Nc3 Nf6 4. e5 Nfd7 5. f4 c5 6. Nf3 Nc6 7. Be3 a6 8. Qd2 cxd4 9. Nxd4 Bc5 10. 0-0-0 0-0 11. Nb3 Be7 12. Bd3 b5 13. Qe2 Nb6 14. Qh5 g6 15. Qe2 Na4 16. h4 Nb4 17. h5 Nxc3 18. bxc3 Nxd3+ 19. Rxd3 Bd7 20. Kb1 b4 21. Nd4 Bb5 22. Nxb5 axb5 23. cxb4 Bxb4 24. c3 Be7 25. f5 exf5 26. e6 g5 27. Bd4 f6 28. Rf1 f4 29. g3 fxg3 30. Rxg3 Qd6 31. Qg4 Qa6 32. Rg2 b4 33. Rxf6 Rxf6 34. Qxg5+ Rg6 35. Qf5 Qd3+ 36. Qxd3 Rxg2 37. Qf1 1-0

[Event "New Delhi Parsvnath op 13th"]
[Site "New Delhi"]
[Date "2015.01.11"]
[Round "4"]
[White "Lazarev, Vladimir"]
[Black "Santu, Mondal"]
[Result "1/2-1/2"]
[WhiteElo "2379"]
[BlackElo "2178"]
[PlyCount "65"]
[EventDate "2015.01.09"]
[EventType "tourn"]
[EventRounds "10"]
[EventCountry "IND"]
[SourceTitle "CBM 164 Extra"]
[Source "ChessBase"]
[SourceDate "2015.03.02"]
[SourceVersion "1"]
[SourceVersionDate "2015.03.02"]
[SourceQuality "1"]

1. d4 d5 2. c4 e6 3. Nf3 c6 4. Qc2 Nf6 5. g3 Nbd7 6. Bg2 Bd6 7. 0-0 0-0 8. b3 Qe7 9. Nc3 e5 10. cxd5 Nxd5 11. Nxd5 cxd5 12. Bg5 f6 13. dxe5 Nxe5 14. Be3 Ng4 15. Bd4 Be6 16. Bb2 Rac8 17. Qd3 Bf7 18. Nd4 Ne5 19. Qd2 g6 20. Rac1 a6 21. Nc2 Bc5 22. Ne3 Rfd8 23. Nxd5 Bxd5 24. Bxd5+ Kg7 25. Kg2 Ng4 26. Rc4 Be3 27. Qc3 Rxc4 28. Qxc4 Nxf2 29. Qc6 Rd6 30. Qc4 Rd8 31. Bxb7 Qd7 32. Bd5 Qe7 33. Qc6 1/2-1/2

[Event "New Delhi Parsvnath op 13th"]
[Site "New Delhi"]
[Date "2015.01.10"]
[Round "2"]
[White "Del Rey, Diego"]
[Black "Santu, Mondal"]
[Result "1-0"]
[WhiteElo "2390"]
[BlackElo "2178"]
[PlyCount "33"]
[EventDate "2015.01.09"]
[EventType "tourn"]
[EventRounds "10"]
[EventCountry "IND"]
[SourceTitle "CBM 164 Extra"]
[Source "ChessBase"]
[SourceDate "2015.03.02"]
[SourceVersion "1"]
[SourceVersionDate "2015.03.02"]
[SourceQuality "1"]

1. d4 d5 2. c4 e6 3. Nf3 c6 4. Qc2 Nf6 5. Bg5 dxc4 6. Qxc4 b5 7. Qc2 Bb7 8. Nbd2 Nbd7 9. e4 a6 10. a4 Bb4 11. Be2 c5 12. 0-0 Qb6 13. axb5 axb5 14. Rxa8+ Bxa8 15. e5 Nd5 16. Ne4 0-0 17. Ng3 1-0

[Event "IND-chT 33rd"]
[Site "Hyderabad"]
[Date "2013.02.21"]
[Round "2.4"]
[White "Santu, Mondal"]
[Black "Himanshu, Sharma"]
[Result "1/2-1/2"]
[WhiteElo "2142"]
[BlackElo "2397"]
[PlyCount "122"]
[EventDate "2013.02.20"]
[EventType "team-swiss"]
[EventRounds "9"]
[EventCountry "IND"]
[SourceTitle "CBM 153 Extra"]
[Source "ChessBase"]
[SourceDate "2013.04.22"]
[SourceVersion "1"]
[SourceVersionDate "2013.04.22"]
[SourceQuality "1"]
[WhiteTeam "West Bengal"]
[BlackTeam "Indian Railways II"]
[WhiteTeamCountry "IND"]
[BlackTeamCountry "IND"]

1. d4 d5 2. Nf3 Nf6 3. c4 c6 4. g3 Bf5 5. Nc3 e6 6. Bg2 Nbd7 7. 0-0 h6 8. Nd2 Be7 9. e4 dxe4 10. Ndxe4 0-0 11. Be3 Nxe4 12. Nxe4 Nf6 13. Nc3 Qa5 14. h3 Rad8 15. Qe2 Rd7 16. Rfd1 Rfd8 17. a3 Ne8 18. Rd2 Bf6 19. Rad1 Nd6 20. Bf4 Nc8 21. Be3 Ne7 22. g4 Bg6 23. Ne4 Bxe4 24. Bxe4 b5 25. Bb1 bxc4 26. Qxc4 Qd5 27. Qxd5 Nxd5 28. Rc1 Ne7 29. Be4 Bxd4 30. Rxd4 Rxd4 31. Bxd4 Rxd4 32. Bxc6 a5 33. Bg2 g5 34. Kf1 Rd2 35. Rb1 a4 36. Ke1 Rd3 37. Rc1 Rb3 38. Rc2 Kg7 39. Kd1 Nd5 40. Bxd5 exd5 41. Rd2 Kf6 42. Rxd5 Rxb2 43. Rf5+ Kg6 44. Rf3 Ra2 45. Ke1 f6 46. Kf1 Kf7 47. Re3 Kg6 48. Kg2 h5 49. Rc3 h4 50. Rd3 Kf7 51. Re3 f5 52. Re5 fxg4 53. hxg4 Rxa3 54. Rxg5 h3+ 55. Kh2 Rf3 56. Ra5 a3 57. Ra6 Kg7 58. Kg1 Kf7 59. Kh2 Rxf2+ 60. Kxh3 a2 61. Kh4 Rc2 1/2-1/2

[Event "IND-ch Challengers 50th"]
[Site "Tirupati"]
[Date "2012.05.19"]
[Round "2.12"]
[White "Narayanan, Sunilduth Lyna"]
[Black "Santu, Mondal"]
[Result "1/2-1/2"]
[WhiteElo "2355"]
[BlackElo "2124"]
[PlyCount "58"]
[EventDate "2012.05.18"]
[EventType "swiss"]
[EventRounds "13"]
[EventCountry "IND"]
[SourceTitle "CBM 148 Extra"]
[Source "ChessBase"]
[SourceDate "2012.06.22"]
[SourceVersion "1"]
[SourceVersionDate "2012.06.22"]
[SourceQuality "1"]

1. e4 e6 2. d3 d5 3. Qe2 dxe4 4. dxe4 Nc6 5. Nf3 Bc5 6. g3 Nf6 7. Bg2 e5 8. 0-0 0-0 9. Rd1 Qe7 10. Bg5 Bg4 11. c3 h6 12. Bxf6 Qxf6 13. Nbd2 Rad8 14. b4 Bb6 15. Nc4 Be6 16. Ne3 Bxe3 17. Qxe3 Rxd1+ 18. Rxd1 Rd8 19. Rd2 a6 20. a4 Bg4 21. Ne1 Rxd2 22. Qxd2 Be6 23. Bf1 Qe7 24. Nd3 Qd6 25. Qe3 b6 26. f4 f6 27. fxe5 Nxe5 28. Nxe5 fxe5 29. Qe2 a5 1/2-1/2

[Event "IND-chB 48th"]
[Site "Bhiwani"]
[Date "2010.09.24"]
[Round "11"]
[White "Santu, Mondal"]
[Black "Prathamesh, Sunil Mokal"]
[Result "1/2-1/2"]
[WhiteElo "2161"]
[BlackElo "2408"]
[PlyCount "40"]
[EventDate "2010.09.16"]
[EventType "swiss"]
[EventRounds "13"]
[EventCountry "IND"]
[SourceTitle "CBM 138 Extra"]
[Source "ChessBase"]
[SourceDate "2010.10.29"]
[SourceVersion "1"]
[SourceVersionDate "2010.10.29"]
[SourceQuality "1"]

1. d4 Nf6 2. c4 e6 3. Nf3 b6 4. g3 Ba6 5. b3 Bb4+ 6. Bd2 Be7 7. Bg2 c6 8. Bc3 d5 9. Ne5 Nfd7 10. Nxd7 Nxd7 11. Nd2 0-0 12. 0-0 Nf6 13. e4 dxe4 14. Nxe4 Rc8 15. Ng5 Nd7 16. Ne4 Nf6 17. Ng5 Nd7 18. Ne4 Nf6 19. Ng5 Nd7 20. Ne4 Nf6 1/2-1/2

[Event "IND-chB 48th"]
[Site "Bhiwani"]
[Date "2010.09.23"]
[Round "10"]
[White "Saptarshi, Roy Chowdhury"]
[Black "Santu, Mondal"]
[Result "1/2-1/2"]
[WhiteElo "2387"]
[BlackElo "2161"]
[PlyCount "50"]
[EventDate "2010.09.16"]
[EventType "swiss"]
[EventRounds "13"]
[EventCountry "IND"]
[SourceTitle "CBM 138 Extra"]
[Source "ChessBase"]
[SourceDate "2010.10.29"]
[SourceVersion "1"]
[SourceVersionDate "2010.10.29"]
[SourceQuality "1"]

1. e4 e6 2. d4 d5 3. Nc3 Nf6 4. Bg5 Be7 5. Bxf6 Bxf6 6. Nf3 c5 7. exd5 0-0 8. Bc4 exd5 9. Nxd5 Re8+ 10. Kf1 Nc6 11. Nxf6+ Qxf6 12. d5 Ne5 13. Nxe5 Rxe5 14. c3 Bd7 15. Qd2 Rae8 16. a4 Qh4 17. b3 Bh3 18. Rg1 Bd7 19. Rh1 Bh3 20. Rg1 Bd7 21. Rh1 Bh3 22. Rg1 Bd7 23. Rh1 Bh3 24. Rg1 Bd7 25. Rh1 Bh3 1/2-1/2

[Event "IND-chT"]
[Site "Gurgaon"]
[Date "2010.02.27"]
[Round "9"]
[White "Kamble, Vikramaditya"]
[Black "Santu, Mondal"]
[Result "1-0"]
[WhiteElo "2364"]
[BlackElo "2195"]
[PlyCount "75"]
[EventDate "2010.02.21"]
[EventType "team"]
[EventRounds "9"]
[EventCountry "IND"]
[SourceTitle "CBM 135 Extra"]
[Source "ChessBase"]
[SourceDate "2010.05.04"]
[SourceVersion "1"]
[SourceVersionDate "2010.05.04"]
[SourceQuality "1"]

1. e4 e6 2. d4 d5 3. Nc3 Nf6 4. Bg5 Be7 5. e5 Nfd7 6. Bxe7 Qxe7 7. Qd2 a6 8. f4 c5 9. Nf3 Nc6 10. g3 0-0 11. Bg2 f6 12. exf6 Qxf6 13. dxc5 Nxc5 14. 0-0-0 Rd8 15. Qf2 b6 16. Rhe1 Bb7 17. Ng5 Na5 18. Qd4 Qg6 19. h4 Nc6 20. Qf2 h6 21. Nxe6 Nxe6 22. f5 Rf8 23. fxg6 Rxf2 24. Bxd5 Ncd8 25. Bxb7 Nxb7 26. Rxe6 Nc5 27. Rxb6 Rc8 28. Rbd6 Kf8 29. Rd8+ Rxd8 30. Rxd8+ Ke7 31. Rd2 Rf1+ 32. Rd1 Rf3 33. Nd5+ Ke6 34. Nf4+ Kf6 35. b4 Ne4 36. Rd7 Rf1+ 37. Kb2 Nxg3 38. Nh5+ 1-0

[Event "IND-chT"]
[Site "Gurgaon"]
[Date "2010.02.22"]
[Round "2"]
[White "Satyapragyan, Swayangsu"]
[Black "Santu, Mondal"]
[Result "1-0"]
[WhiteElo "2480"]
[BlackElo "2195"]
[PlyCount "125"]
[EventDate "2010.02.21"]
[EventType "team"]
[EventRounds "9"]
[EventCountry "IND"]
[SourceTitle "CBM 135 Extra"]
[Source "ChessBase"]
[SourceDate "2010.05.04"]
[SourceVersion "1"]
[SourceVersionDate "2010.05.04"]
[SourceQuality "1"]

1. Nf3 d5 2. e3 Nf6 3. c4 e6 4. b3 Bd6 5. Bb2 Nbd7 6. Be2 0-0 7. d3 Qe7 8. a3 c6 9. Nc3 e5 10. cxd5 cxd5 11. Nb5 Bb8 12. a4 Re8 13. Ba3 Qd8 14. Nd6 Bxd6 15. Bxd6 e4 16. dxe4 Nxe4 17. Ba3 Nc3 18. Qd2 Nxe2 19. Qxe2 Qb6 20. Nd4 Ne5 21. 0-0 a6 22. Rac1 Nc6 23. Nxc6 bxc6 24. Qc2 Bd7 25. Bc5 Qd8 26. Qc3 Qg5 27. f4 Qg6 28. Rf3 f6 29. Bd4 Kh8 30. Rcf1 Rab8 31. b4 Bf5 32. a5 Rec8 33. Bc5 Qf7 34. Rc1 Qe6 35. Qe1 Qe4 36. Rf2 Qd3 37. Rd2 Qb3 38. Qe2 Ra8 39. h4 Re8 40. Kf2 Qa3 41. Rg1 Be4 42. g4 Kg8 43. g5 f5 44. h5 Qc3 45. h6 g6 46. Rgd1 Kf7 47. Rb2 Rab8 48. Bd4 Qc4 49. Qd2 Rec8 50. Bb6 Rb7 51. Qe1 c5 52. Rc1 Qd3 53. bxc5 d4 54. Rd2 dxe3+ 55. Qxe3 Qxe3+ 56. Kxe3 Bc6 57. Rd6 Re7+ 58. Kd2 Re4 59. Re1 Rxf4 60. Rf6+ Kg8 61. Re7 Rd4+ 62. Kc3 Rd7 63. Rxc6 1-0

[Event "Chennai op 2nd"]
[Site "Chennai"]
[Date "2010.01.26"]
[Round "2"]
[White "Jumabayev, Rinat"]
[Black "Santu, Mondal"]
[Result "1-0"]
[WhiteElo "2536"]
[BlackElo "2195"]
[PlyCount "83"]
[EventDate "2010.01.25"]
[EventType "swiss"]
[EventRounds "11"]
[EventCountry "IND"]
[SourceTitle "CBM 134 Extra"]
[Source "ChessBase"]
[SourceDate "2010.03.03"]
[SourceVersion "1"]
[SourceVersionDate "2010.03.03"]
[SourceQuality "1"]

1. Nf3 d5 2. d4 c6 3. c4 e6 4. Qc2 Nf6 5. Bg5 dxc4 6. Qxc4 b5 7. Qc2 Bb7 8. e3 Nbd7 9. Nbd2 Be7 10. Be2 a6 11. a4 0-0 12. 0-0 Rc8 13. Rfd1 c5 14. dxc5 Rxc5 15. Qb1 Qb6 16. h3 Ne5 17. Bf4 Nxf3+ 18. Bxf3 Bxf3 19. Nxf3 Rd5 20. Be5 Rxd1+ 21. Qxd1 Ne4 22. axb5 axb5 23. Qc2 Qb7 24. Rc1 Bf6 25. Bxf6 Nxf6 26. Nd4 b4 27. Nc6 Nd5 28. Qc5 h6 29. e4 Nf4 30. Qe3 Ng6 31. Rc4 Qa6 32. b3 Ne5 33. Nxe5 Qa1+ 34. Kh2 Qxe5+ 35. Qg3 Qb5 36. e5 Kh8 37. Qf4 Rb8 38. Rc7 Rf8 39. Qe4 Kg8 40. Rb7 Qf1 41. Qd4 Rc8 42. Rxb4 1-0

[Event "New Delhi Parsvnath op 8th"]
[Site "New Delhi"]
[Date "2010.01.19"]
[Round "8"]
[White "Maheswaran, Palsamy"]
[Black "Santu, Mondal"]
[Result "1-0"]
[WhiteElo "2355"]
[BlackElo "2195"]
[PlyCount "111"]
[EventDate "2010.01.14"]
[EventType "swiss"]
[EventRounds "11"]
[EventCountry "IND"]
[SourceTitle "CBM 134 Extra"]
[Source "ChessBase"]
[SourceDate "2010.03.03"]
[SourceVersion "1"]
[SourceVersionDate "2010.03.03"]
[SourceQuality "1"]

1. d4 d5 2. c4 e6 3. Nf3 c6 4. Qc2 Nf6 5. g3 Be7 6. Bg2 0-0 7. Nbd2 Nbd7 8. 0-0 b6 9. Rd1 Bb7 10. e4 Rc8 11. b3 c5 12. exd5 exd5 13. Qf5 Re8 14. Bb2 g6 15. Qd3 cxd4 16. Nxd4 dxc4 17. Nxc4 Bxg2 18. Kxg2 Qc7 19. Qf3 Ne5 20. Nxe5 Qxe5 21. Re1 Qd5 22. Rad1 Bf8 23. Rxe8 Qxf3+ 24. Kxf3 Nxe8 25. Rc1 Rd8 26. Rc2 Bg7 27. Nc6 Rd7 28. Bc1 Bf6 29. b4 Nd6 30. Bf4 Nb5 31. Rd2 Rxd2 32. Bxd2 Kf8 33. Ke4 a6 34. Nb8 Bc3 35. Bh6+ Ke7 36. Nxa6 Be1 37. Be3 Nc3+ 38. Kd4 Na4 39. Kc4 Kd7 40. Kb3 b5 41. Nc5+ Nxc5+ 42. Bxc5 Kc6 43. a4 bxa4+ 44. Kxa4 h5 45. Be3 f6 46. b5+ Kd5 47. b6 Kc6 48. Kb3 g5 49. Kc4 f5 50. b7 Kxb7 51. Kd5 h4 52. gxh4 f4 53. hxg5 fxe3 54. fxe3 Kc7 55. Ke6 Kc6 56. g6 1-0